| 000 | 00667nam a22001577a 4500 | ||
|---|---|---|---|
| 003 | OSt | ||
| 005 | 20151202161915.0 | ||
| 008 | 151202b xxu||||| |||| 00| 0 eng d | ||
| 040 | _cRUA | ||
| 082 | _aFIS TEC 2008 B180 Or.1 | ||
| 100 |
_94170 _aTECK, SEAVYONG. |
||
| 245 | _aThe effect of different feed on the growth of fresh water prawn(Macrodachium rosenbergii) in hapa, ឥទ្ធិពលនៃការប្រើចំណីផ្សំខុសៗគ្នាទៅលើការលូតលាស់បង្កងទឹកសាប ក្នុងហាប៉ា | ||
| 260 |
_aPhnom Penh _bRUA _c2008 |
||
| 300 |
_axi; 41p. _bill. _c29cm. |
||
| 942 |
_2ddc _cFIS |
||
| 999 |
_c3884 _d3884 |
||